Pelham : uno dos tres / (Registro nro. 3592)

Detalles MARC
000 -LEADER
fixed length control field 00847nam a2200217Ia 4500
003 - CONTROL NUMBER IDENTIFIER
control field OSt
005 - DATE AND TIME OF LATEST TRANSACTION
control field 20250522120549.0
008 - FIXED-LENGTH DATA ELEMENTS--GENERAL INFORMATION
fixed length control field 191128t1973 sp er 000 f spa d
020 ## - INTERNATIONAL STANDARD BOOK NUMBER
International Standard Book Number 8422606003
040 ## - CATALOGING SOURCE
Original cataloging agency CO-JMCR
Transcribing agency CO-JMCR
041 ## - LANGUAGE CODE
Language code of text/sound track or separate title spa
082 04 - DEWEY DECIMAL CLASSIFICATION NUMBER
Classification number J-N
Item number GODp
100 1# - MAIN ENTRY--PERSONAL NAME
Personal name Godey, John,
Relator term autor
9 (RLIN) 7015
245 #0 - TITLE STATEMENT
Title Pelham : uno dos tres /
Statement of responsibility, etc. John Godey
260 ## - PUBLICATION, DISTRIBUTION, ETC.
Place of publication, distribution, etc. Barcelona :
Name of publisher, distributor, etc. círculo de lectores,
Date of publication, distribution, etc. ©1973
300 ## - PHYSICAL DESCRIPTION
Extent 297 páginas ;
Dimensions 20 cm.
500 ## - GENERAL NOTE
General note Incluye datos biográficos del autor.
520 ## - SUMMARY, ETC.
Summary, etc. Escondidos entre la muchedumbre indiferente, cuatro hombres se preparan para dar el golpe de sus vidas: secuestrar el metro de Pelham Bay de la 1.23 p.m. Piden un millón de dólares y han sido muy claros: cada minuto que pase de la hora pactada morirá.
650 14 - SUBJECT ADDED ENTRY--TOPICAL TERM
Topical term or geographic name entry element Novela estadounidense
9 (RLIN) 7016
942 ## - ADDED ENTRY ELEMENTS (KOHA)
Source of classification or shelving scheme Dewey Decimal Classification
Koha item type Books
Existencias
Withdrawn status Lost status Source of classification or shelving scheme Damaged status Not for loan Collection code Home library Current library Date acquired Source of acquisition Total Checkouts Full call number Barcode Date last seen Date last checked out Copy number Koha item type
    Dewey Decimal Classification     Fiction Biblioteca Pública José María del Castillo y Rada Biblioteca Pública José María del Castillo y Rada 11/28/2019 Donación 1 J-N GODp 201807461 06/10/2025 06/09/2025 Ej.1 Books